Southville International School and Colleges
Your cart is empty.
  • Cart
  • Lists
    Public lists Eva Luna New books Lux_list list_1
    Your lists Log in to create your own lists
  • Log in to your account
  • Your cookies
  • Search history
Southville International School and Colleges
  • Advanced search
  • Recent comments
  • Most popular
  • Libraries

Log in to your account

Log in with GOOGLE


If you do not have an external account, but do have a local account, you can still log in:

  1. Home
  2. MARC view: All you need is a love spell /
Normal view MARC view ISBD view

All you need is a love spell / (Record no. 11208)

[ view plain ]
MARC details
000 -LEADER
fixed length control field 01496cam a22003013a 4500
001 - CONTROL NUMBER
control field 16393178
003 - CONTROL NUMBER IDENTIFIER
control field OSt
005 - DATE AND TIME OF LATEST TRANSACTION
control field 20140310182244.0
008 - FIXED-LENGTH DATA ELEMENTS--GENERAL INFORMATION
fixed length control field 980521s1998 xxu 000 1 eng
010 ## - LIBRARY OF CONGRESS CONTROL NUMBER
LC control number 98815885
020 ## - INTERNATIONAL STANDARD BOOK NUMBER
International Standard Book Number 0671016954
035 ## - SYSTEM CONTROL NUMBER
System control number (DLC) 98815885
040 ## - CATALOGING SOURCE
Original cataloging agency DLC
Transcribing agency DLC
Modifying agency DLC
050 ## - LIBRARY OF CONGRESS CALL NUMBER
Classification number PZ 7
Item number .R376s7 2000
082 ## - DEWEY DECIMAL CLASSIFICATION NUMBER
Classification number FIC#
Item number SAB #7
100 1# - MAIN ENTRY--PERSONAL NAME
Personal name Reisfeld, Randi.
9 (RLIN) 19315
245 10 - TITLE STATEMENT
Title All you need is a love spell /
Statement of responsibility, etc Randi Reisfeld.
260 ## - PUBLICATION, DISTRIBUTION, ETC. (IMPRINT)
Place of publication, distribution, etc New York :
Name of publisher, distributor, etc Archway Paperbacks,
Date of publication, distribution, etc c1998.
300 ## - PHYSICAL DESCRIPTION
Extent 161 p. ;
Dimensions 18 cm.
440 ## - SERIES STATEMENT/ADDED ENTRY--TITLE
Title Sabrina, the teenage witch
Number of part/section of a work #7
9 (RLIN) 19316
520 ## - SUMMARY, ETC.
Summary, etc Sabrina just can't figure it out. All of a sudden, her entire school has been bitten by the love bug. Everyone is pairing off - but with the wrong people! Even Libby, Miss Super Cool, has fallen head over heels for the biggest nerd in the school! Sabrina laughs it all off until Harvey -- her very own Harvey -- gets a case for someone else! With everyone pairing up, Quentin, that Greek god of an exchange student, starts flirting with Sabrina. But there's something strange about his sudden attentions that Sabrina just can't figure out. And how can she think of Quentin when Harvey's under a love spell?
650 ## - SUBJECT ADDED ENTRY--TOPICAL TERM
Source of heading or term Witchcraft
General subdivision Fiction
9 (RLIN) 746
650 ## - SUBJECT ADDED ENTRY--TOPICAL TERM
Topical term or geographic name as entry element Witches
General subdivision Fiction.
9 (RLIN) 19317
710 2# - ADDED ENTRY--CORPORATE NAME
Corporate name or jurisdiction name as entry element Copyright Paperback Collection (Library of Congress)
Institution to which field applies DLC
9 (RLIN) 705
906 ## - LOCAL DATA ELEMENT F, LDF (RLIN)
a 7
b cbc
c orignew
d 2
e ncip
f 19
g y-genrareb
942 ## - ADDED ENTRY ELEMENTS (KOHA)
Source of classification or shelving scheme Library of Congress Classification
Koha item type
Holdings
Withdrawn status Lost status Source of classification or shelving scheme Damaged status Home library Current library Shelving location Date acquired Total Checkouts Full call number Barcode Date last seen Copy number Price effective from Koha item type
    Library of Congress Classification   Luxembourg Library Luxembourg Library Fiction Section 09/13/2013   PZ 7 .R376s7 2000 14131 02/16/2015 1 09/13/2013 Books

All you need is a love spell /

APA

Reisfeld R., Copyright Paperback Collection (Library of Congress), . (1998). All you need is a love spell. New York: Archway Paperbacks.

Chicago

Reisfeld Randi, Copyright Paperback Collection (Library of Congress), . 1998. All you need is a love spell. New York: Archway Paperbacks.

Harvard

Reisfeld R., Copyright Paperback Collection (Library of Congress), . (1998). All you need is a love spell. New York: Archway Paperbacks.

MLA

Reisfeld Randi, Copyright Paperback Collection (Library of Congress), . All you need is a love spell. New York: Archway Paperbacks. 1998.

  • Place hold
  • Print
  • Cite
  • Add to your cart (remove)
  • Save record
    BIBTEX Dublin Core MARCXML MARC (non-Unicode/MARC-8) MARC (Unicode/UTF-8) MARC (Unicode/UTF-8, Standard) MODS (XML) RIS
  • More searches
    Search for this title in:
    Other Libraries (WorldCat) Other Databases (Google Scholar) Online Stores (Bookfinder.com) Open Library (openlibrary.org)

Exporting to Dublin Core...

SOUTHVILLE LIBRARY

Southville International School and Colleges Library

1281 Tropical Ave. Cor. Luxembourg St., BF Homes International, Las Pinas City

Tel. No. 8256374 / 252358 Loc. 117/146

Powered by Koha